000 00803nam a2200253 i 4500
001 bg
100 1 _aŁOJEWSKI, Stanisław
245 1 0 _aElementy metodologii projektowania systemów przestrzennych /
_cStanisław Łojewski.
260 _aBydgoszcz :
_bWydaw. Uczelniane ATR,
_c1997.
300 _a409 s. :
_bmapy, rys., wykr. ;
_c24 cm.
504 _aBibliogr. s. 3910-409.
650 9 _aAnaliza systemowa
_xstosowanie
_xgospodarka
650 9 _aTeoria systemów
_xstosowanie
_xgospodarka
650 9 _aProjektowanie
_xmetody
650 9 _aZarządzanie
_xmetody
655 _aPodręczniki akademickie
020 _a8387274100
040 _cBPK
041 0 _apl
080 _a65.011/.012:519.87](075.8)
920 _a83-87274-10-0
942 _cKS
008 s pl f |000 0 pol
999 _c32658
_d32658
856 _uhttp://koha.tu.koszalin.pl/cgi-bin/koha/opac-detail.pl?biblionumber=32658
_yKatalog online BPK